000 00263nam a2200097Ia 4500
001 915225
005 20250826185830.0
008 250824s9999 xx 000 0 und d
245 0 _aPEYGAMBERİMİZİ GÜLDÜREN ŞAKALAR
_cMUSA MERT
260 _bKIRMIZI KEDİ YAYINLARI
999 _c915225
_d915225